00392cam a22001097a 4500008004000000082002000040245012200060250001400182260004300196300001000239700003300249180718b1971 xxu||||| |||| 00| 0 eng d aG5x54 In2d/1970 aDirections by the speaker under the rules of procedure and conduct of business in Lok Sabhacby Lok Sabha Secretariat a2nd. edn. aNew DelhibLok Sabha Secretariatc1971 a120+p aIndia. Lok Sabha Secretariat